000 01034cab a2200277 4500
001 ABS55598
008 090401t1996 xxu||||| |||| 00| 0 eng d
035 _a(Sirsi) u17496
041 _aeng
100 _aHiggins, M.
245 _aProblems for mortgage valuers who assess listed buildings
260 _c1996
350 _a0
490 _aCSM (Chartered Surveyor Monthly)
_v5(10) July/August 1996, 35(1)
520 _aAsks if valuers are fully aware of their responsibilities under the RICS Appraisal and Valuation Manual and the Planning (Listed Buildings and Conservation Areas) Act 1990, when valuing a property of conservational interest.
650 _aBUILDING CONSERVATION
650 _aLISTED BUILDINGS
650 _aNEGLIGENCE
650 _aPLANNING LISTED BUILDINGS AND CONSERVATION AREAS ACT 1990
650 _aRICS APPRAISAL AND VALUATION MANUAL
650 _aRICS APPRAISAL AND VALUATION MANUAL
650 _aVALUATION ISSUES
690 _aPROFESSIONAL PRACTICE
942 _n0
948 _c04/03/1997
999 _c11603
_d11603